Someone the Something - Statistics

General Stats
  • This quiz has been taken 59 times
  • The average score is 9 of 15
Answer Stats
Hint Answer % Correct
Vlad The Impaler
97%
Alexander The Great
94%
Ivan The Terrible
94%
Jack The Ripper
92%
Gandalf The Grey
69%
Oz The Great and Powerful
61%
Gozer The Gozerian
58%
Kang The Conqueror
56%
Ronan The Accuser
53%
Ming The Merciless
53%
Vigo The Carpathian
39%
Azog The Defiler
36%
Darth Plagueis The Wise
33%
Sollozzo The Turk
31%
Scipio The Younger
25%
No matching quizzes found
Score Distribution
Percent of People with Each Score
Percentile by Number Answered
Your Score History
You have not taken this quiz